| 000 | 00860nam a22002177a 4500 | ||
|---|---|---|---|
| 999 |
_c6 _d6 |
||
| 003 | AR-CdUCM | ||
| 008 | 190220b ||||| |||| 00| 0 spa d | ||
| 040 |
_aMUNICIPALIDAD PROVINCIAL DEL CUSCO _cBIBLIOTECA MUNICIPAL DEL CUSCO |
||
| 082 |
_22ed. _a383.4985 / _bM26 |
||
| 100 |
_aMariátegui Angulo, Francisco _927 |
||
| 245 | _aEstampillas y Buques en la Historia Marítima del Perú / | ||
| 260 |
_aLima : _bMonterrico, _c1990. |
||
| 300 |
_a78 páginas ; _bIlustraciones, _c24cm. |
||
| 505 | _aContenido: La santa maría, la pinta y la niña -- Barquitos de totora -- combate de Iquique -- Crucero B.A.P Almirante Grau -- Destructor B.A.P. Almirante Guise -- Monitor Manco Cápac. | ||
| 650 |
_aEmbarcaciones _928 |
||
| 650 |
_aMarítima _929 |
||
| 650 |
_aHéroes marítimos _930 |
||
| 650 |
_aPolíticos _931 |
||
| 942 |
_2ddc _cLIBROS |
||
| 945 |
_aachl _d2019-02-20 |
||